Žilinčanovej podmanivá poetika

Bibliographic Details
Main Author: Ševčíková, Zuzana, 1947- (Author)
Format: Article
Language:Slovak
PhysicalDescription:Obr. 1.
Subjects:

MARC

LEADER 00000nab a2200000 a 4500
001 vtls000199313
003 SK-MaSNL
005 20260426063206.0
008 160215c1984 xo 0 slo
015 |a SNBRB19rr/mm-uuuuu 
035 |a CL0209426 
040 |a SNKBUCL  |b slo  |c SNKBUCL  |e AACR2 
041 0 |a slo 
044 |a xo  |c SK 
080 |a 75.071.1:061.4  |2 1981 
080 |a 069.5  |2 1981 
080 |a 929 Žilinčanová, Viera  |2 1981 
100 1 |a Ševčíková, Zuzana,  |d 1947-  |4 aut  |9 196030 
245 1 0 |a Žilinčanovej podmanivá poetika  |c Zuzana Ševčíková 
300 |b Obr. 1. 
600 1 7 |a Žilinčanová, Viera,  |d 1932-2008  |2 snkbucl  |9 114510 
610 2 7 |a Galéria Laca Novomeského (Bratislava, Slovensko)  |2 snkbucl  |9 1285198 
648 7 |a 1984  |2 snkbucl  |9 318887 
650 0 7 |a výstavy  |2 snkbucl  |9 2780 
651 7 |a Bratislava (Slovensko)  |2 snkbucl  |9 14568 
655 7 |a články z novín a časopisov  |2 snkbucl  |9 267496 
773 0 |t Pravda  |g Roč. 65, č. 252 (24. 10. 1984), s. 5 
850 |a Slovenská národná knižnica v Martine  |a MTA001 
852 |a SNK  |b KIS3GCP 
958 |a BX 
958 |a RK 
992 |a RBX 
999 |c 2553545  |d 2555475